000 00657nam a2200253Ia 4500
003 OSt
005 20221006144930.0
006 a|||||r|||| 00| 0
007 ta
008 221006b |||||||| |||| 00| 0 eng d
020 _c25.00
024 _a13,242
037 _cTextual
040 _aEASL
_cEASL
_beng
041 _2eng
_aeng
082 _aV41,41-1xM93, L9
100 _aGLEBOV Vladimir
_9124836
245 0 _aMaiosm
_b Words & deeds
260 _aNew Delhi
_bSterling Pub.
_c1979
300 _a116p.
_ccm.
490 _v CEL
942 _hV41,41-1xM93, L9
_cTEXL
_2CC
999 _c1081328
_d1081328